সংস্কৃতি-কথা / (Record no. 56003)
[ view plain ]
| 000 -LEADER | |
|---|---|
| fixed length control field | 00952nam a2200241 a 4500 |
| 001 - CONTROL NUMBER | |
| control field | 56003 |
| 003 - CONTROL NUMBER IDENTIFIER | |
| rucl marc code | BD-RjUL |
| 005 - DATE AND TIME OF LATEST TRANSACTION | |
| control field | 20211209080336.0 |
| 008 - FIXED-LENGTH DATA ELEMENTS--GENERAL INFORMATION | |
| fixed length control field | 161124b1958 bg ||||| |||| 00| 0 ben d |
| 020 ## - INTERNATIONAL STANDARD BOOK NUMBER | |
| Terms of availability | : Tk. 6.00 |
| 035 ## - SYSTEM CONTROL NUMBER | |
| System control number | (BD-RjUL)56127 |
| 040 ## - CATALOGING SOURCE | |
| Original cataloging agency | BD-RjUL |
| Language of cataloging | eng |
| Transcribing agency | BD-RjUL |
| Modifying agency | BD-RjUL |
| 041 ## - LANGUAGE CODE | |
| Language code of text/sound track or separate title | ben |
| 082 ## - DEWEY DECIMAL CLASSIFICATION NUMBER | |
| Edition number | 23 |
| Classification number | 306.099144 |
| Author mark and year | CHS 1958 |
| 100 ## - MAIN ENTRY--PERSONAL NAME | |
| Personal name | চৌধুরী, মোতাহের হোসেন |
| 9 (RLIN) | 120438 |
| 245 10 - TITLE STATEMENT | |
| Title | সংস্কৃতি-কথা / |
| Statement of responsibility, etc. | মোতাহের হোসেন চৌধুরী |
| 250 ## - EDITION STATEMENT | |
| Edition statement | ১ম সং. |
| 260 ## - PUBLICATION, DISTRIBUTION, ETC. (IMPRINT) | |
| Place of publication, distribution, etc. | ঢাকা : |
| Name of publisher, distributor, etc. | বাংলা একাডেমী, |
| Date of publication, distribution, etc. | ১৯৫৮ [১৩৬৫] |
| 300 ## - PHYSICAL DESCRIPTION | |
| Pagination | ৩০০ পৃ. ; |
| Size | ২১ সেমি. |
| 650 ## - SUBJECT ADDED ENTRY--TOPICAL TERM | |
| Topical term or geographic name as entry element | বাংলাদেশ |
| General subdivision | সামাজিক জীবন ও রীতি |
| Chronological subdivision | বিশ শতক |
| 9 (RLIN) | 120439 |
| Topical term or geographic name as entry element | Bangladesh |
| General subdivision | Social life and customs |
| Chronological subdivision | 20th century. |
| 9 (RLIN) | 120440 |
| 942 ## - ADDED ENTRY ELEMENTS (KOHA) | |
| Source of classification or shelving scheme | Dewey Decimal Classification |
| Koha item type | Books |
| Lost status | Source of classification or shelving scheme | Damaged status | Not for loan | Collection code | Permanent Location | Current Location | Shelving location | Date acquired | Source of acquisition | Cost, normal purchase price | Total Checkouts | Full call number | Date last seen | Date checked out | Copy number | Koha item type |
|---|---|---|---|---|---|---|---|---|---|---|---|---|---|---|---|---|
| Dewey Decimal Classification | Non-fiction | Central Library, University of Rajshahi | Central Library, University of Rajshahi | 19/01/1965 | Dhaka, Ideal library | 6.00 | 1 | B 306.099144 CHS 1958 | 03/03/2025 | 24/02/2025 | C-2 | Books | ||||
| Dewey Decimal Classification | Not For Loan | Non-fiction | Central Library, University of Rajshahi | Central Library, University of Rajshahi | Reading Room | 19/01/1965 | Ideal Lidrary,Dhaka. | 6.00 | B 306.099144 CHS 1958 | 10/11/2022 | C-1 | Books |